Normal view
MARC view
Entry Personal Name
001 - CONTROL NUMBER
- control field: 1237420
003 - CONTROL NUMBER IDENTIFIER
- control field: OSt
005 - DATE AND TIME OF LATEST TRANSACTION
- control field: 20260430150417.0
008 - FIXED-LENGTH DATA ELEMENTS
- fixed length control field: 260430|| aca||aabn | a|a d
040 ## - CATALOGING SOURCE
- Original cataloging agency: OSt
- Transcribing agency: OSt
100 ## - HEADING--PERSONAL NAME
- Personal name: Singh Shipra Au.; Pankaj Kumar Gu
670 ## - SOURCE DATA FOUND
- Source citation: Work cat.: (OSt)1849718: Singh Shipra Au.; Pankaj Kumar Gu., Impact of Climate Change on Water Resource Sustainability in Lower Son River Basin, 2023
